000 00849nam a2200289Ia 4500
005 20251020182534.0
008 200515s9999 xx 000 0 und d
082 _a72.015:728(85)/I59/21
245 0 _aProyecto I 13 : PP1
250 _aPrevi
260 _aLima
260 _c1973
300 _aPrevi
500 _a1 ejemplar
520 _aSistema constructivo empleado denominado "Convencional Racionalizado", por tener como elementos básicos, unidades de albañilería, a pesar de ser ensamblados en forma diferente a la usual
650 _aBLOQUES DE CONCRETO
650 _aESTADOS UNIDOS
650 _aFASTECHOS
650 _aI13
650 _aLIB
650 _aPREVI
650 _aPUB ININVI
650 _aSISTEMAS CONSTRUCTIVOS
650 _aVIVIENDAS DE BAJO COSTO
650 _aVIVIENDAS DE BAJO COSTO
942 _cLIB
999 _c2184
_d2184